000 01397cad a22002535a 4500
001 E149676
008 100407s2010 stk f s000 0 eng d
020 _a9780755978373
035 _a(Sirsi) u149676
041 0 _aeng
050 0 4 _a711.1 $2 18
110 2 _aScotland
_bScottish Government
_95344
245 0 4 _aThe Town and Country Planning (Limit of Annual Value) (Scotland) Order 2010
_bplanning circular 3/2010
_h[electronic resource]
260 _aEdinburgh
_bScottish Government
_c2010
490 0 _aPlanning Circular
_v(3/2010)
520 _aExplains the provisions of the Town and Country Planning (Limit of Annual Value) (Scotland) Order 2010. The Order was made on 10 February 2010 and comes into force on 1 April 2010 (SSI 2010/49). The Town and Country Planning (Limit of Annual Value) (Scotland) Order 2005 is revoked, and this circular supersedes Circular 2/2005 which accompanied the 2005 Order (ISBN 0755928849).
521 _aAdvanced
650 2 4 _aTOWN AND COUNTRY PLANNING (LIMIT OF ANNUAL VALUE) (SCOTLAND) ORDER 2010
650 2 4 _aTOWN AND COUNTRY PLANNING (SCOTLAND) ACT 1997
651 4 _aScotland
_y1999-
690 _aENVIRONMENTAL AND LAND CONSULTANCY-PLANNING AND DEVELOPMENT-COMPULSORY PURCHASE AND COMPENSATION
856 4 0 _uhttps://www.scotland.gov.uk/Publications/2010/03/12152617/0
_zView the Circular free of charge at www.scotland.gov.uk
942 _n0
999 _c110596
_d110596